[Event "FRA-chT2 East 0809"]
[Site "France"]
[Date "2009.04.05"]
[Round "11.5"]
[White "Iglesias, Yosha"]
[Black "Becht, Lucas"]
[Result "1/2-1/2"]
[WhiteElo "2198"]
[BlackElo "2212"]
[PlyCount "80"]
[EventDate "2008.10.19"]
[EventType "team-tourn"]
[EventRounds "11"]
[EventCountry "FRA"]
[SourceTitle "EXT 2010"]
[Source "ChessBase"]
[SourceDate "2010.11.25"]
[SourceVersion "1"]
[SourceVersionDate "2010.11.25"]
[SourceQuality "1"]
[WhiteTeam "Vandoeuvre II"]
[BlackTeam "Gambsheim"]
[WhiteTeamCountry "FRA"]
[BlackTeamCountry "FRA"]

1. d4 e6 2. c4 c5 3. d5 exd5 4. cxd5 d6 5. Nc3 g6 6. e4 Bg7 7. f4 Nf6 8. Nf3 0-0 9. Be2 Re8 10. e5 dxe5 11. fxe5 Ng4 12. Bg5 Qb6 13. 0-0 h6 14. Bf4 Nxe5 15. Nxe5 Bxe5 16. Bc4 Qb4 17. Re1 Nd7 18. Re4 Bd4+ 19. Rxd4 cxd4 20. Qxd4 Qb6 21. Qf2 Qxf2+ 22. Kxf2 Nb6 23. Bb3 g5 24. Be3 Bd7 25. h4 Re5 26. hxg5 Rf5+ 27. Kg3 Re8 28. Bxb6 Rxg5+ 29. Kf2 Rf5+ 30. Kg1 axb6 31. Bc2 Rfe5 32. Kf2 Bf5 33. Ba4 Rd8 34. Rh1 Kg7 35. Rh4 f6 36. Rb4 Rd6 37. Bb3 Kg6 38. Nb5 Rd8 39. Nc3 Rd6 40. Nb5 Rd8 1/2-1/2

[Event "FRA-chT2 East 0809"]
[Site "France"]
[Date "2009.02.08"]
[Round "7.5"]
[White "Becht, Lucas"]
[Black "Hoffmann, Regis"]
[Result "1-0"]
[WhiteElo "2212"]
[BlackElo "2108"]
[PlyCount "81"]
[EventDate "2008.10.19"]
[EventType "team-tourn"]
[EventRounds "11"]
[EventCountry "FRA"]
[SourceTitle "EXT 2010"]
[Source "ChessBase"]
[SourceDate "2010.11.25"]
[SourceVersion "1"]
[SourceVersionDate "2010.11.25"]
[SourceQuality "1"]
[WhiteTeam "Gambsheim"]
[BlackTeam "Mundolsheim"]
[WhiteTeamCountry "FRA"]
[BlackTeamCountry "FRA"]

1. c4 g6 2. Nc3 Bg7 3. g3 d6 4. Bg2 e5 5. e4 Nc6 6. Nge2 Be6 7. d3 Qd7 8. Be3 Bh3 9. Bxh3 Qxh3 10. Nd5 0-0-0 11. Qa4 Kb8 12. b4 Nd4 13. Bxd4 exd4 14. Qa5 Qd7 15. b5 Ne7 16. Nef4 Be5 17. Nxe7 Bxf4 18. Nd5 Be5 19. Rb1 f5 20. Nb4 Ka8 21. Rb3 b6 22. Qa6 Qc8 23. Ra3 Qxa6 24. Rxa6 Kb7 25. Nc6 Ra8 26. exf5 gxf5 27. f4 Bf6 28. Kf2 Rhe8 29. Re1 Rxe1 30. Kxe1 h5 31. h3 Re8+ 32. Kf2 Re3 33. Rxa7+ Kc8 34. Ra8+ Kd7 35. Rf8 Be7 36. Rf7 Ke8 37. Rxe7+ Rxe7 38. Nxe7 Kxe7 39. g4 fxg4 40. hxg4 hxg4 41. Kg3 1-0

[Event "FRA-chT2 East 0809"]
[Site "France"]
[Date "2008.12.14"]
[Round "4.3"]
[White "Becht, Lucas"]
[Black "Schulz, Vladimir"]
[Result "1-0"]
[WhiteElo "2212"]
[BlackElo "2196"]
[PlyCount "45"]
[EventDate "2008.10.19"]
[EventType "team-tourn"]
[EventRounds "11"]
[EventCountry "FRA"]
[SourceTitle "EXT 2010"]
[Source "ChessBase"]
[SourceDate "2010.11.25"]
[SourceVersion "1"]
[SourceVersionDate "2010.11.25"]
[SourceQuality "1"]
[WhiteTeam "Gambsheim"]
[BlackTeam "Bischwiller II"]
[WhiteTeamCountry "FRA"]
[BlackTeamCountry "FRA"]

1. e4 c5 2. Nf3 Nc6 3. d4 cxd4 4. Nxd4 g6 5. c4 Bg7 6. Nc2 Nh6 7. Be2 0-0 8. 0-0 f5 9. exf5 Nxf5 10. Nc3 Nfd4 11. Nxd4 Nxd4 12. Be3 Nxe2+ 13. Qxe2 Rf5 14. Rad1 b6 15. Rfe1 Bb7 16. Bd4 e6 17. Bxg7 Kxg7 18. Qd3 Qg5 19. Qxd7+ Rf7 20. Qd4+ Kg8 21. Ne4 Bxe4 22. Qxe4 Qf5 23. Qxa8+ 1-0

[Event "FRA-chT1B 0708"]
[Site "France"]
[Date "2008.02.09"]
[Round "6.5"]
[White "Becht, Lucas"]
[Black "Marino, Olivier"]
[Result "1-0"]
[WhiteElo "2198"]
[BlackElo "2125"]
[PlyCount "81"]
[EventDate "2007.10.21"]
[EventType "team"]
[EventRounds "11"]
[EventCountry "FRA"]
[SourceTitle "EXT 2009"]
[Source "ChessBase"]
[SourceDate "2008.11.26"]
[SourceVersion "1"]
[SourceVersionDate "2008.11.26"]
[SourceQuality "1"]
[WhiteTeam "Gambsheim"]
[BlackTeam "Cannes II"]
[WhiteTeamCountry "FRA"]
[BlackTeamCountry "FRA"]

1. e4 c6 2. d4 d5 3. e5 Bf5 4. Be3 e6 5. Nd2 Nd7 6. Ngf3 Ne7 7. Be2 Bg6 8. 0-0 Nf5 9. c4 Nxe3 10. fxe3 dxc4 11. Nxc4 Nb6 12. Qb3 Be7 13. a4 Nxc4 14. Bxc4 Qb6 15. Qc3 a5 16. Kh1 Bb4 17. Qb3 Qd8 18. Ne1 Rb8 19. Nd3 b5 20. Bxe6 fxe6 21. Nxb4 axb4 22. Qxe6+ Qe7 23. Qxc6+ Qd7 24. axb5 Bd3 25. Ra8 Qxc6 26. Rxb8+ Ke7 27. bxc6 Rxb8 28. Rd1 Bc2 29. Rd2 Ra8 30. Kg1 Ba4 31. d5 Rd8 32. Rd4 Bb5 33. g3 b3 34. c7 Rc8 35. Rb4 Ba6 36. d6+ Kd7 37. Rxb3 Bc4 38. Rb8 Be6 39. b4 Kc6 40. b5+ Kd5 41. b6 1-0

[Event "FRA-chT1B 0708"]
[Site "France"]
[Date "2007.11.25"]
[Round "3.4"]
[White "Fayard, Alain"]
[Black "Becht, Lucas"]
[Result "1-0"]
[WhiteElo "2360"]
[BlackElo "2198"]
[PlyCount "71"]
[EventDate "2007.10.21"]
[EventType "team"]
[EventRounds "11"]
[EventCountry "FRA"]
[SourceTitle "EXT 2009"]
[Source "ChessBase"]
[SourceDate "2008.11.26"]
[SourceVersion "1"]
[SourceVersionDate "2008.11.26"]
[SourceQuality "1"]
[WhiteTeam "Vincennes"]
[BlackTeam "Gambsheim"]
[WhiteTeamCountry "FRA"]
[BlackTeamCountry "FRA"]

1. d4 e6 2. c4 c5 3. d5 exd5 4. cxd5 d6 5. Nc3 g6 6. Nf3 Nf6 7. Nd2 Bg7 8. e4 0-0 9. Be2 Re8 10. 0-0 Na6 11. f3 Nc7 12. a4 b6 13. Re1 Nh5 14. Nf1 f5 15. g3 f4 16. Bc4 Be5 17. Ne2 Qf6 18. gxf4 Nxf4 19. Nxf4 Bxf4 20. Bxf4 Qxf4 21. Ra3 Bh3 22. Qd2 g5 23. Rae3 Re5 24. Ng3 Rf8 25. Ne2 Qh4 26. Qc3 Bd7 27. Nc1 g4 28. f4 Rxf4 29. Nd3 Rh5 30. Qd2 Rf3 31. e5 Rxe3 32. Rxe3 dxe5 33. Nxe5 Bf5 34. d6+ Ne6 35. d7 Qd8 36. Nc6 1-0

[Event "FRA-chT2 East 0607"]
[Site "France"]
[Date "2007.01.20"]
[Round "5.6"]
[White "Becht, Lucas"]
[Black "Monsieux, Sebastien"]
[Result "1/2-1/2"]
[WhiteElo "2145"]
[BlackElo "2080"]
[PlyCount "100"]
[EventDate "2006.10.15"]
[EventType "team"]
[EventRounds "11"]
[EventCountry "FRA"]
[SourceTitle "EXT 2008"]
[Source "ChessBase"]
[SourceDate "2007.11.25"]
[SourceVersion "1"]
[SourceVersionDate "2007.11.25"]
[SourceQuality "1"]
[WhiteTeam "Gambsheim"]
[BlackTeam "Belfort"]
[WhiteTeamCountry "FRA"]
[BlackTeamCountry "FRA"]

1. e4 g6 2. d4 Bg7 3. Nc3 c6 4. f4 d5 5. e5 Nh6 6. Nf3 f6 7. Be3 Bg4 8. Be2 Bxf3 9. Bxf3 fxe5 10. dxe5 Nf5 11. Bf2 e6 12. h4 h5 13. Qd2 Nd7 14. 0-0-0 Nxe5 15. Qe2 Nxf3 16. Qxe6+ Ne7 17. Ne4 Qc7 18. Nd6+ Kd8 19. Nf7+ Ke8 20. Nd6+ Kd8 21. Nf7+ Ke8 22. Nxh8 Qxf4+ 23. Kb1 Qe5 24. Qxe5 Nxe5 25. Bd4 Bxh8 26. Rde1 Nf3 27. Bxh8 Nxe1 28. Rxe1 Kd7 29. Bf6 Re8 30. Kc1 Nf5 31. Rxe8 Kxe8 32. Kd2 Kf7 33. Bg5 Ke6 34. Kd3 Ke5 35. c3 c5 36. b3 b5 37. a4 c4+ 38. Kc2 a6 39. axb5 axb5 40. bxc4 bxc4 41. Kd2 Nd6 42. Ke3 Ne4 43. Bh6 Kf5 44. Kd4 Kg4 45. Kxd5 Nxc3+ 46. Kxc4 Ne2 47. Kd5 Kxh4 48. Ke5 Kg3 49. Kf6 Kxg2 50. Bg5 Ng3 1/2-1/2

[Event "Oberliga Baden 0607"]
[Site "Germany"]
[Date "2006.10.29"]
[Round "2.7"]
[White "Nippgen, Georg"]
[Black "Becht, Lucas"]
[Result "0-1"]
[WhiteElo "2252"]
[BlackElo "2183"]
[PlyCount "70"]
[EventDate "2006.10.15"]
[EventType "team-tourn"]
[EventRounds "9"]
[EventCountry "GER"]
[SourceTitle "CBM 115 Extra"]
[Source "ChessBase"]
[SourceDate "2007.01.10"]
[SourceVersion "1"]
[SourceVersionDate "2007.01.10"]
[SourceQuality "1"]
[WhiteTeam "Heidelberg"]
[BlackTeam "Baden-Baden III"]
[WhiteTeamCountry "GER"]
[BlackTeamCountry "GER"]

1. c4 Nf6 2. Nc3 c5 3. Nf3 d5 4. cxd5 Nxd5 5. e3 e6 6. Be2 Nc6 7. 0-0 Be7 8. a3 0-0 9. d3 b6 10. Bd2 Bb7 11. Qb1 Qd7 12. Rc1 Rfd8 13. b4 cxb4 14. Nxd5 Qxd5 15. axb4 Ne5 16. Ne1 Qb5 17. Bc3 Nd7 18. Qb2 Qg5 19. Bf3 Bxf3 20. Nxf3 Qg6 21. Qe2 e5 22. e4 Qd6 23. d4 exd4 24. Nxd4 g6 25. b5 Bf6 26. Nc6 Bxc3 27. Rxc3 Rdc8 28. Rd3 Qe6 29. Rd5 a5 30. Rad1 Rc7 31. Rd6 Qe8 32. e5 Nf8 33. e6 Nxe6 34. Rd8 Rxd8 35. Rxd8 Qxd8 0-1

[Event "FRA-chT2 East 0607"]
[Site "France"]
[Date "2006.10.15"]
[Round "1.4"]
[White "Coriat, Sebastien"]
[Black "Becht, Lucas"]
[Result "1-0"]
[WhiteElo "2091"]
[BlackElo "2157"]
[PlyCount "83"]
[EventDate "2006.10.15"]
[EventType "team"]
[EventRounds "11"]
[EventCountry "FRA"]
[SourceTitle "EXT 2008"]
[Source "ChessBase"]
[SourceDate "2007.11.25"]
[SourceVersion "1"]
[SourceVersionDate "2007.11.25"]
[SourceQuality "1"]
[WhiteTeam "Strasbourg II"]
[BlackTeam "Gambsheim"]
[WhiteTeamCountry "FRA"]
[BlackTeamCountry "FRA"]

1. d4 e6 2. Nf3 c5 3. e3 Nf6 4. Be2 b6 5. Ne5 a6 6. Bh5 g6 7. Bf3 Ra7 8. h4 d6 9. Nd3 h5 10. b3 Nbd7 11. Bb2 Bg7 12. Nd2 d5 13. c4 0-0 14. dxc5 Nxc5 15. Nxc5 bxc5 16. cxd5 exd5 17. Rc1 d4 18. Rxc5 dxe3 19. fxe3 Qd6 20. Qc1 Qg3+ 21. Kf1 Qb8 22. Be5 Qb6 23. Rxc8 Qb5+ 24. Rc4 Qxe5 25. Ne4 Nd5 26. Rc5 Rc7 27. Rxc7 Nxc7 28. Kf2 Re8 29. Rd1 Ne6 30. Qc6 Re7 31. Qd6 Qxd6 32. Rxd6 f5 33. Ng5 Nxg5 34. hxg5 Kh7 35. Rxa6 Bc3 36. Bd5 Bd2 37. Re6 Ra7 38. a4 f4 39. exf4 Bxf4 40. Be4 Rc7 41. a5 Bxg5 42. a6 1-0

[Event "FRA-chT2D 0506"]
[Site "France"]
[Date "2006.04.02"]
[Round "11.5"]
[White "Chebance, Benoit"]
[Black "Becht, Lucas"]
[Result "1/2-1/2"]
[WhiteElo "2029"]
[BlackElo "2122"]
[PlyCount "35"]
[EventDate "2005.10.27"]
[EventType "team-tourn"]
[EventRounds "11"]
[EventCountry "FRA"]
[SourceTitle "EXT 2006"]
[Source "ChessBase"]
[SourceDate "2005.11.24"]
[SourceVersion "1"]
[SourceVersionDate "2005.11.24"]
[SourceQuality "1"]
[WhiteTeam "Montrevel en Bresse"]
[BlackTeam "Gambsheim"]
[WhiteTeamCountry "FRA"]
[BlackTeamCountry "FRA"]

1. e4 c5 2. d4 cxd4 3. c3 dxc3 4. Nxc3 Nc6 5. Nf3 d6 6. Bc4 a6 7. a4 Nf6 8. 0-0 Bg4 9. Qb3 e6 10. a5 Nxa5 11. Rxa5 Qxa5 12. Qxb7 Rd8 13. b4 Qh5 14. Nd4 d5 15. exd5 Bd6 16. Qc6+ Kf8 17. f4 exd5 18. Bxa6 1/2-1/2

[Event "Selestat op-A 13th"]
[Site "Selestat"]
[Date "2006.02.??"]
[Round "4"]
[White "Becht, Lucas"]
[Black "Mensch, Etienne"]
[Result "0-1"]
[WhiteElo "2122"]
[BlackElo "2336"]
[PlyCount "62"]
[EventDate "2006.02.23"]
[EventType "swiss"]
[EventRounds "7"]
[EventCountry "FRA"]
[SourceTitle "CBM 111 Extra"]
[Source "ChessBase"]
[SourceDate "2006.05.09"]
[SourceVersion "1"]
[SourceVersionDate "2006.05.09"]
[SourceQuality "1"]

1. e4 d6 2. d4 Nf6 3. Nc3 Nbd7 4. Nf3 e5 5. Bc4 Be7 6. 0-0 0-0 7. Re1 c6 8. a4 b6 9. Bg5 a6 10. Bxf6 Bxf6 11. d5 c5 12. Bf1 Bg5 13. Rb1 Bh6 14. Nd2 Qc7 15. Nc4 Rb8 16. Na3 g6 17. Bc4 Kh8 18. b4 f5 19. Qe2 Nf6 20. Rf1 cxb4 21. Rxb4 Qc5 22. Rb3 Nxe4 23. Nxe4 fxe4 24. Qxe4 Rf4 25. Qe3 Rxc4 26. Qxh6 Rf4 27. g3 Rf7 28. Qd2 Bh3 29. Re1 Rbf8 30. Re2 Bg4 31. Ree3 Rxf2 0-1

[Event "FRA-ch U16"]
[Site "Aix les Bains"]
[Date "2006.??.??"]
[Round "5"]
[White "Becht, Lucas"]
[Black "Charmeteau, Sven"]
[Result "1-0"]
[WhiteElo "2165"]
[BlackElo "2075"]
[PlyCount "143"]
[EventDate "2006.04.16"]
[EventType "swiss"]
[EventRounds "9"]
[EventCountry "FRA"]
[SourceTitle "EXT 2007"]
[Source "ChessBase"]
[SourceDate "2006.11.23"]
[SourceVersion "1"]
[SourceVersionDate "2006.11.23"]
[SourceQuality "1"]

1. e4 d6 2. d4 g6 3. Nc3 c6 4. f4 d5 5. e5 h5 6. Be3 Nh6 7. Nf3 Bg4 8. Be2 e6 9. g3 Nf5 10. Bf2 h4 11. Rg1 Be7 12. Qd2 hxg3 13. hxg3 Nd7 14. 0-0-0 b5 15. Ng5 Bxe2 16. Nxe2 Rh2 17. Rdf1 Nb6 18. Nf3 Nc4 19. Qd3 Rh8 20. g4 Nh6 21. Be1 Qb6 22. Bh4 Qa5 23. a3 b4 24. Bxe7 Kxe7 25. Nd2 Qa6 26. Nb1 Rhb8 27. axb4 Rxb4 28. b3 Qa1 29. Nec3 Na3 30. Kd2 Nxb1+ 31. Rxb1 Qa5 32. Ra1 Qb6 33. Ne2 a5 34. Ra3 c5 35. Qh3 Ng8 36. f5 Rxd4+ 37. Nxd4 Qb4+ 38. c3 Qxa3 39. Nc2 Qxb3 40. fxg6 d4 41. Qh4+ Kd7 42. Rg3 fxg6 43. cxd4 Qd5 44. Qh3 cxd4 45. Rd3 Rc8 46. Nxd4 Ke8 47. Qh7 Ne7 48. Qh8+ Kd7 49. Qf6 Qa2+ 50. Nc2+ Ke8 51. Qh8+ Kf7 52. Qh7+ Ke8 53. Qh8+ Kf7 54. Rf3+ Nf5 55. Qxc8 Qd5+ 56. Rd3 Qg2+ 57. Kc3 Ne7 58. Qc4 Nd5+ 59. Kb3 Qf1 60. Kb2 Qe2 61. Qd4 a4 62. Qa7+ Kg8 63. Qa8+ Kg7 64. Qa7+ Kg8 65. Qd4 Kg7 66. g5 Kg8 67. Kb1 Qf1+ 68. Kb2 Qe2 69. Rd2 Qf1 70. Qd3 Qf7 71. Rh2 Kg7 72. Qh3 1-0

[Event "FRA-ch U16"]
[Site "Aix les Bains"]
[Date "2006.??.??"]
[Round "4"]
[White "Edouard, Romain"]
[Black "Becht, Lucas"]
[Result "1-0"]
[WhiteElo "2363"]
[BlackElo "2165"]
[PlyCount "85"]
[EventDate "2006.04.16"]
[EventType "swiss"]
[EventRounds "9"]
[EventCountry "FRA"]
[SourceTitle "EXT 2007"]
[Source "ChessBase"]
[SourceDate "2006.11.23"]
[SourceVersion "1"]
[SourceVersionDate "2006.11.23"]
[SourceQuality "1"]

1. e4 c5 2. Nf3 Nc6 3. d4 cxd4 4. Nxd4 Nf6 5. Nc3 e5 6. Ndb5 d6 7. Bg5 a6 8. Na3 b5 9. Bxf6 gxf6 10. Nd5 f5 11. c3 Bg7 12. exf5 Bxf5 13. Nc2 0-0 14. Nce3 Be6 15. g3 b4 16. Bg2 bxc3 17. bxc3 Rc8 18. 0-0 f5 19. Qh5 Ne7 20. Rab1 Rc5 21. Nxe7+ Qxe7 22. Rb7 Qe8 23. Qd1 e4 24. Qxd6 Qc6 25. Qe7 Rf7 26. Qd8+ Rf8 27. Rxg7+ Kxg7 28. Qe7+ Kg8 29. Rd1 Bf7 30. Rd6 Qe8 31. Qg5+ Bg6 32. Nd5 Qe5 33. Ne7+ Kf7 34. Rd7 Qe6 35. Ra7 Ke8 36. Qf4 Qxe7 37. Rxe7+ Kxe7 38. Qg5+ Kd6 39. h4 Rf7 40. h5 f4 41. Qd8+ Rd7 42. Qf6+ Kc7 43. Qxf4+ 1-0

[Event "FRA-ch U16"]
[Site "Aix les Bains"]
[Date "2006.??.??"]
[Round "2"]
[White "Stephan, Victor"]
[Black "Becht, Lucas"]
[Result "0-1"]
[WhiteElo "1975"]
[BlackElo "2165"]
[PlyCount "68"]
[EventDate "2006.04.16"]
[EventType "swiss"]
[EventRounds "9"]
[EventCountry "FRA"]
[SourceTitle "EXT 2007"]
[Source "ChessBase"]
[SourceDate "2006.11.23"]
[SourceVersion "1"]
[SourceVersionDate "2006.11.23"]
[SourceQuality "1"]

1. d4 e6 2. c4 c5 3. d5 exd5 4. cxd5 d6 5. e4 g6 6. f4 Bg7 7. Nc3 Qh4+ 8. g3 Qe7 9. Qc2 Nf6 10. Bg2 0-0 11. Nge2 Nbd7 12. 0-0 Re8 13. Nb5 Rb8 14. e5 dxe5 15. d6 Qf8 16. Nc7 Rd8 17. fxe5 Nxe5 18. Bf4 Bf5 19. Qxc5 Nd3 20. Qxa7 Nxf4 21. Nxf4 Qxd6 22. Rac1 Ng4 23. Nfd5 Bxb2 24. Nb5 Qa6 25. Ne7+ Kh8 26. Qc5 Bd3 27. Qb4 Qxb5 28. Qxg4 Bxf1 29. Qf4 Bd4+ 30. Kh1 Bxg2+ 31. Kxg2 Qe2+ 32. Kh3 Qxe7 33. Rd1 Qe6+ 34. g4 Qe3+ 0-1

[Event "FRA-ch U16"]
[Site "Calvi"]
[Date "2005.04.19"]
[Round "4"]
[White "Delorme, Axel"]
[Black "Becht, Lucas"]
[Result "1-0"]
[WhiteElo "2202"]
[BlackElo "2016"]
[PlyCount "57"]
[EventDate "2005.04.??"]
[EventType "swiss"]
[EventRounds "9"]
[EventCountry "FRA"]
[SourceTitle "EXT 2006"]
[Source "ChessBase"]
[SourceDate "2005.11.24"]
[SourceVersion "1"]
[SourceVersionDate "2005.11.24"]
[SourceQuality "1"]

1. e4 c5 2. Nf3 Nc6 3. d4 cxd4 4. Nxd4 Nf6 5. Nc3 e5 6. Ndb5 d6 7. Bg5 a6 8. Na3 b5 9. Bxf6 gxf6 10. Nd5 f5 11. c3 Bg7 12. Bd3 Be6 13. Nxb5 axb5 14. Bxb5 Bd7 15. exf5 Rc8 16. Qf3 Qa5 17. f6 Bf8 18. a4 Nd4 19. Bxd7+ Kxd7 20. Qh3+ Kd8 21. Nb4 d5 22. 0-0 Ne2+ 23. Kh1 Nf4 24. Qf3 Bxb4 25. cxb4 Qxb4 26. g3 Rc4 27. gxf4 e4 28. Qh5 Ke8 29. Qxd5 1-0

[Event "France-ch U14"]
[Site "Reims"]
[Date "2004.04.22"]
[Round "6"]
[White "Becht, Lucas"]
[Black "Paul, Jean Bernard"]
[Result "1-0"]
[WhiteElo "1976"]
[BlackElo "1780"]
[PlyCount "98"]
[EventDate "2004.04.??"]
[EventType "swiss"]
[EventRounds "9"]
[EventCountry "FRA"]
[SourceTitle "EXT 2005"]
[Source "ChessBase"]
[SourceDate "2004.11.15"]
[SourceVersion "1"]
[SourceVersionDate "2004.11.15"]
[SourceQuality "1"]

1. e4 c5 2. Nf3 Nc6 3. c3 e6 4. Bb5 Bd6 5. 0-0 Nge7 6. d4 cxd4 7. cxd4 Qb6 8. Nc3 0-0 9. Be3 Qd8 10. d5 Ne5 11. Nd4 exd5 12. Nxd5 Nxd5 13. exd5 f5 14. Nf3 Nxf3+ 15. Qxf3 Qf6 16. b3 f4 17. Bd2 Be5 18. Rac1 d6 19. Rc7 Qg5 20. h3 Bd4 21. Qe4 Bxh3 22. Bd7 Bxd7 23. Rxd7 Be5 24. Rxb7 Qh5 25. f3 Qg5 26. Rc1 Qf6 27. Rc4 Rfc8 28. Rbb4 g5 29. Rb7 Qg6 30. Qxg6+ hxg6 31. Rcc7 Rxc7 32. Rxc7 a5 33. Kf1 Rb8 34. Bxa5 Rb5 35. a4 Rxa5 36. Ke2 Bd4 37. Kd3 Rxd5 38. Kc4 Rc5+ 39. Rxc5 Bxc5 40. b4 Ba7 41. a5 Kf8 42. b5 Bc5 43. Kd5 Ke7 44. Kc6 Kd8 45. b6 Kc8 46. a6 Bxb6 47. Kxb6 Kb8 48. Kc6 Ka7 49. Kxd6 Kxa6 1-0

[Event "FRA-ch U12"]
[Site "Hyeres"]
[Date "2002.??.??"]
[Round "6.9"]
[White "Becht, Lucas"]
[Black "Bacon, Flavien"]
[Result "0-1"]
[WhiteElo "1890"]
[BlackElo "1500"]
[PlyCount "78"]
[EventDate "2002.04.05"]
[EventType "swiss"]
[EventRounds "9"]
[EventCountry "FRA"]
[SourceTitle "EXT 2003"]
[Source "ChessBase"]
[SourceDate "2002.11.25"]
[SourceVersion "1"]
[SourceVersionDate "2002.11.25"]
[SourceQuality "1"]

1. e4 c5 2. Nf3 d6 3. d4 cxd4 4. Nxd4 Nf6 5. Nc3 g6 6. Be3 Bg7 7. f3 Nc6 8. Qd2 Bd7 9. g4 h5 10. g5 Nh7 11. f4 0-0 12. Bg2 Rc8 13. Rf1 a6 14. h4 Bg4 15. Bf3 Bxf3 16. Rxf3 b5 17. 0-0-0 b4 18. Nce2 a5 19. f5 Ne5 20. fxg6 fxg6 21. Rxf8+ Nxf8 22. Nf4 Nc4 23. Qd3 Bxd4 24. Qxd4 Qc7 25. Nd5 Ne6 26. Qd3 Qd8 27. Bd4 Nxd4 28. Qxd4 a4 29. Nxb4 e5 30. Qd5+ Kg7 31. Rf1 Qc7 32. Rf6 Qb6 33. a3 Qg1+ 34. Qd1 Qe3+ 35. Kb1 Nd2+ 36. Ka1 Nxe4 37. Rf3 Qd2 38. Qf1 Rc7 39. Rf8 d5 0-1